Quick Pick: 'Hamilton' Songs Quiz Stats

 Plays Quiz Updated Nov 30, 2016

Support Sporcle.
Go Orange.
Score 0/12 Timer 01:00
10 Plays Today
% Correct
Aaron
97.5%
Obedient
97.4%
Blow
97.4%
Room
96.8%
History
95.5%
World
95.4%
Theodosia
95.2%
Tonight
93.4%
Duel
93.3%
Know
92.5%
Uptown
92%
Shot
90%

Today's Daily Dose

You're not logged in!

Compare scores with friends on all Sporcle quizzes.
OR
Log In

From the Vault

Biblical Figures by Haiku

by folio1701

We'd actually like to see a Bible re-written as haiku.
Remove Ads.
Support Sporcle.
Get the best of Sporcle when you Go Orange. This ad-free experience offers more features, more stats, and more fun while also helping to support Sporcle. Thank you for becoming a member.

Show Comments

Extras

Top Quizzes Today


Score Distribution

Your Account Isn't Verified!

In order to create a playlist on Sporcle, you need to verify the email address you used during registration. Go to your Sporcle Settings to finish the process.

Report this User

Report this user for behavior that violates our Community Guidelines.

Details: